000 00560nam a2200169Ia 4500
003 GCL
008 140319s9999 xx 000 0 ara d
040 _aGCL /
_cGCL
082 0 4 _a414.5
_bم ب
100 1 _aالمطران جرمانوس فرحات
245 1 0 _aبلوغ الارب فى علم الادب /
_cالمطران جرمانوس فرحات
260 _aبيروت :
_bدار المشرق ،
_c1990
300 _a279 ص ؛
_c24 سم
490 _aالمجموعة الادبية
_v0
650 0 4 _aالبلاغة العربية
942 _2ddc
_cBK
999 _c54971
_d54971